LEADER 01085nam a2200265 i 4500 001 000000030007 003 CaOOAMICUS 005 20240131144246.0 008 180830s1788 fr u000 u fre u 040 $aSeMil$bita 100 1 $aMontesquieu, Charles de Secondat,$c.$0(OLS)http://semarc/name/3038 245 10$aOeuvres de Montesquieu. Tome 1. [-5.]. 250 $aNouvelle edition, plus correcte et plus complette que toutes les precedentes. 260 $aParis :$bChez Jean-François Bastien,$c1788. 300 $a5 v. ;$c8°. 500 $aLegatura su supporto cartonato con taglio spruzzato in oro 700 1 $aBastien, Jean François,$c.$0(OLS)http://semarc/name/13735 774 0 $tTome 1.$g1$w()196809 774 0 $tTome 2.$g2$w()230187 774 0 $tTome 3.$g3$w()230188 774 0 $tTome 4.$g4$w()230189 774 0 $tTome 5.$g5$w()230186 996 $6245$aOeuvres de Montesquieu. Tome 1. [-5.]$9(OLS)http://semarc/title/40820 996 $6260$aParis :$bChez Jean-François Bastien$9(OLS)http://semarc/publisher/38329 LEADER 01080nam a2200229 i 4500 001 000000203148 003 CaOOAMICUS 005 20110617000000.0 008 110617s1990 it u000 u ita u 013 $a181860 040 $aSeMil$bita 245 10$aSacrari militari della 1ª Guerra Mondiale :$bRedipuglia /$cA cura del Ministero della Difesa, commissariato generale per le onoranze ai Caduti in guerra. 260 $a[S.l. :$bs.n.],$c1990$e(Roma :$fTipografia REAN,$g1990) 300 $a[12] p. ;$c24 cm. 500 $aTitolo dalla copertina. 650 4$aCimiteri di guerra italiani all'estero.$0(OLS)http://semarc/subject/36754 700 1 $aMinistero della Difesa : Commissariato generale per le onoranze ai Caduti in guerra.$0(OLS)http://semarc/name/93843 850 $aSeMil 852 $aSeMil$W1$xVenegono$y1$m5D X 17/24$j153644$B153644$CSeMilBibl$Z2$F164515 $81 961 $aOmaggio: Altro 996 $6245$aSacrari militari della 1ª Guerra Mondiale :$bRedipuglia$9(OLS)http://semarc/title/294099 996 $6260$a[S.l. :$bs.n.]$9(OLS)http://semarc/publisher/29751